| 000 | 00482pab a2200181 454500 | ||
|---|---|---|---|
| 008 | 180718b1998 xxu||||| |||| 00| 0 eng d | ||
| 100 | _aRochefort, David A. | ||
| 245 | _aCommunity as a policy instrument: a comparative analysis | ||
| 260 | _c1998 | ||
| 300 | _ap.548-68 | ||
| 362 | _aAutumn | ||
| 650 | _aCommunities - United States | ||
| 650 | _aCommunities | ||
| 700 | _aWhite, Deena | ||
| 700 | _aRosenberg, Michael | ||
| 773 | _aPolicy Studies Journal | ||
| 909 | _a40103 | ||
| 999 |
_c40103 _d40103 |
||